Jornada : ens instrumentals en el sector local català : ponències ens instrumentals en el sector local català :
Descripción Física:
[218] p. ; 30 cm
MARC
| LEADER | 00000nam a2200000Ia 4500 | ||
|---|---|---|---|
| 001 | 16713 | ||
| 008 | 160829s2003] xx 000 0 cat d | ||
| 080 | |a M-5-70 | ||
| 245 | |a Jornada : |b ens instrumentals en el sector local català : |b ponències | ||
| 260 | |a [Barcelona : |b Diputació de Barcelona, Àrea de Govern Local, Intervenció General, |c 2003] | ||
| 300 | |a [218] p. ; |c 30 cm | ||
| 590 | |a Conté les ponències presentades a les jornades: Ens instrumentals en el sector local català realitzades l'11 de desembre de 2003 | ||
| 650 | 0 | |a Administració local |z Catalunya |v Congressos |9 32128 | |
| 650 | |a Administració local |x Dret i legislació |x Congressos |9 36198 | ||
| 710 | |a Barcelona (Catalunya : Província). |b Intervenció General |9 53816 | ||
| 901 | |a Arxiu | ||
| 942 | |n 1 | ||
| 952 | |0 0 |1 0 |4 0 |6 M570 |7 1 |9 47213 |a Arxiu |b Arxiu |d 2016-12-01 |l 0 |o M-5-70 |p 16713 |r 2016-12-01 00:00:00 |w 2016-12-01 |y ARXIU | ||
| 999 | |c 51010 |d 51010 | ||